[Event "Belgrade Investbank"]
[Site "Belgrade"]
[Date "1991.??.??"]
[Round "?"]
[White "Jussupow, Artur"]
[Black "Gurevich, Mikhail"]
[Result "0-1"]
[WhiteElo "2625"]
[BlackElo "2630"]
[Annotator "Gurevich,M"]
[PlyCount "102"]
[EventDate "1991.11.??"]
[EventType "tourn"]
[EventRounds "11"]
[EventCountry "YUG"]
[EventCategory "15"]
[SourceTitle "CBM 027"]
[Source "ChessBase"]
[SourceDate "1992.04.01"]
[SourceVersion "1"]
[SourceVersionDate "1992.04.01"]
[SourceQuality "1"]

1. d4 {Yusupov} d5 2. Nf3 Nf6 3. c4 c6 4. Nc3 e6 5. Bg5 h6 6. Bxf6 Qxf6 7. e3
Nd7 8. a3 dxc4 (8... g6 9. cxd5 exd5 10. Bd3 Bg7 11. O-O O-O 12. b4 Qd6 13. Qb3
Nb6 {1/2:1/2 Horvath-Todorovic Niksic 1991}) 9. Bxc4 Bd6 (9... Be7 $5 10. Ne4
Qf5 11. Bd3 Qa5+ 12. b4 Qb6 {/\13...a5<=>}) 10. Ne4 Qe7 11. Nxd6+ Qxd6 12. O-O
(12. e4 $14 {Yusupov}) 12... Qe7 $5 (12... O-O $6 13. e4 $16 {/\14.e5}) 13. Qc2
(13. e4 e5 14. d5 Nb6 15. Bb3 Bg4 $10) 13... O-O 14. Ba2 Rd8 $5 {[/\Nd7-f8,
Bc8-d7-e8,f7-f6,Be8-g6]} (14... e5 $6 {Yusupov} 15. Qe4 Re8 16. Rfd1 exd4 17.
Qxe7 Rxe7 18. Rxd4 $16) 15. Rad1 a5 $5 (15... Nf8 $6 16. Qc5 Qxc5 17. dxc5 Bd7
18. Ne5 Be8 19. Nc4 $16) 16. Bb1 (16. Rd2 $5 $14 {Yusupov}) (16. Ne5 {Yusupov}
Nxe5 17. dxe5 Rxd1 18. Rxd1 Bd7 $14) (16. e4 $5 {Yusupov}) 16... Nf8 17. Ne5 (
17. Qc5 Qxc5 18. dxc5 Rxd1 19. Rxd1 Nd7 $13) 17... a4 18. f4 $6 (18. Qc5 $6
Qxc5 19. dxc5 Rd5 20. Nc4 Nd7 $132) (18. Rd2 $5 $14 {/\Rfd1,Qc5} c5) 18... Bd7
19. Ba2 (19. Qc5 {Yusupov} Qxc5 20. dxc5 Be8 21. Bc2 $14) 19... Be8 20. f5 (20.
Nd3 {Yusupov} b6 21. Nb4 c5 $10) 20... f6 $10 {[#]} 21. fxe6 $4 (21. Nf3 Bf7
22. fxe6 Bxe6 23. Bxe6+ Qxe6 (23... Nxe6 {Yusupov} 24. e4 $14) 24. e4 Nh7 $13)
(21. Nd3 {Yusupov} Bf7 22. Nc5 exf5 23. Bxf7+ $10) (21. Ng4 {Yusupov} Bf7 22.
e4 exf5 23. Bxf7+ Qxf7 24. Rxf5 Qe6 $14) 21... fxe5 22. Qc5 (22. Rxf8+ Kxf8 23.
Qh7 (23. Rf1+ Kg8 24. Bb1 g6 $19) 23... Qg5 $1 24. Rf1+ Ke7 $19) (22. Qf5 {
Yusupov} Ng6 (22... Bg6 23. Qxe5 Nh7 (23... Re8 $4 24. Rf7) 24. Rf3 $146) (
22... Rd5 $5 23. Bxd5 cxd5 24. Qxe5 $13) 23. h4 (23. dxe5 Rxd1 24. Rxd1 Kh8 25.
Bb1 Nf8 $19) 23... exd4 $1 (23... Nxh4 24. Qxe5 $17) 24. h5 Nh4 25. Qf8+ Qxf8
26. e7+ Bf7 27. exf8=Q+ Rxf8 28. Rxf7 Rxf7 29. Rf1 Raf8 30. exd4 g5 $19) (22.
Qe4 {Yusupov} Nxe6 23. Qxe5 Rd6 $19) 22... Ng6 $17 23. h4 Kh8 24. Qxe7 (24. h5
Qxc5 25. dxc5 Rxd1 26. Rxd1 Ne7 $19) 24... Nxe7 25. dxe5 Rxd1 26. Rxd1 Kg8 $5 {
[/\Ra8-a5-e5]} 27. Bc4 Kf8 28. Rf1+ Kg8 29. Rd1 c5 (29... Ra5 30. Rd7 Kf8 31.
Rxb7 Rxe5 32. Ra7 Rxe3 33. Rxa4 $132) 30. Rd6 Bc6 $6 $138 (30... Kf8 $1 {
/\31...Nc6,Kf8-e7,Rd8} 31. Rb6 Bc6 $19 32. Rxc6) 31. h5 g6 32. hxg6 Kg7 33. e4
$5 {/\34.Bd5} Bxe4 34. Rd7 Re8 35. Rc7 (35. Bb5 {Yusupov}) 35... Kxg6 36. Bb5
Bc6 37. Bd3+ Kg5 38. g3 Nf5 39. Rf7 Nxg3 40. e7 Be4 41. Bb5 Bc6 42. Bd3 Bd5 $19
43. Rg7+ Kf4 44. Bg6 Nf5 45. Rh7 Rxe7 46. Bxf5 Rxh7 47. Bxh7 Kxe5 48. Bg6 Kd4
49. Kf2 Be4 50. Be8 Bc6 51. Bg6 c4 0-1

[Event "FIDE World Cup"]
[Site "Khanty-Mansiysk"]
[Date "2005.12.09"]
[Round "5.1"]
[White "Aronian, Levon"]
[Black "Gurevich, Mikhail"]
[Result "1/2-1/2"]
[WhiteElo "2724"]
[BlackElo "2652"]
[Annotator "Gurevich,M"]
[PlyCount "76"]
[EventDate "2005.11.27"]
[EventType "k.o."]
[EventRounds "7"]
[EventCountry "RUS"]
[SourceTitle "CBM 111"]
[Source "ChessBase"]
[SourceDate "2006.04.04"]
[SourceVersion "1"]
[SourceVersionDate "2006.04.04"]
[SourceQuality "1"]

1. Nf3 d5 2. d4 Nf6 3. c4 c6 4. Nc3 e6 5. Qb3 dxc4 6. Qxc4 b5 7. Qd3 Nbd7 8. e4
b4 9. Na4 Bb7 10. Be3 $5 (10. e5 Nd5 11. Bd2 N5b6 12. Nxb6 (12. Qc2 Nxa4 13.
Qxa4 a5 14. Rc1 Be7 15. Bd3 Nc5 16. Rxc5 Bxc5 17. Be4 Be7 18. Bxc6+ Bxc6 19.
Qxc6+ Kf8 $15 {0-1 Tregubov,P-Yakovich,Y/Kazan 2005/CBM 109 (48)}) 12... Qxb6
13. Be3 c5 14. Rc1 Rc8 15. Be2 Be7 16. Nd2 O-O 17. Nc4 Qc6 18. Bf3 Qa6 19. Bxb7
Qxb7 20. O-O Rfd8 21. Nd6 Bxd6 22. exd6 Qd5 $132 {1/2-1/2 Tregubov,P-Yakovich,
Y/Paris FRA 2005/The Week in Chess 559 (38)}) 10... Qa5 (10... Be7 11. Nd2 O-O
12. Nb3 a5 13. f3 Ba6 14. Qc2 Bb5 15. Nbc5 Nxc5 16. Nxc5 Nd7 17. Nxd7 Qxd7 18.
Be2 Rac8 19. Rd1 Rfd8 20. Kf2 $14 {1/2-1/2 Dreev,A-Van Wely,L/Khanty Mansyisk
RUS 2005 (53)}) 11. b3 Be7 12. Nd2 $5 {TN [/\13.f3,14.Nc4]} (12. Rc1 O-O 13.
Be2 Rfd8 14. e5 Nd5 15. O-O c5 16. dxc5 Rac8 17. Rfd1 Nxe3 18. Qxe3 Bc6 19. Nd4
Bxa4 20. c6 Nb6 21. bxa4 Nd5 22. Qf3 Nc3 $17 {0-1 Romanishin,O-Sveshnikov,E/
Sochi 1983/MCL (28)}) 12... O-O 13. f3 c5 14. Nxc5 Nxc5 15. dxc5 Bxc5 16. Nc4
Qc7 17. Bxc5 Qxc5 18. Qd6 $5 Rfc8 (18... Qh5 $5 19. Qe5 (19. Be2 a5 $132 20.
O-O $2 Nxe4) (19. Qxb4 Bxe4 20. fxe4 Qh4+ $40) 19... Qg6 20. Qg3 Qh5 $132) 19.
Be2 Ne8 20. Qxc5 Rxc5 21. Kf2 $6 (21. a3 $1 bxa3 22. Rxa3 $36) 21... Ba6 $5 {
[/\22...Bxc4,23...Nd6]} 22. a3 (22. Rhd1 Kf8 23. a3 bxa3 24. Rxa3 Bxc4 25. Bxc4
Ke7 $14) 22... bxa3 23. Rxa3 Bxc4 24. Bxc4 Nd6 25. Bd3 e5 $11 (25... Rc7 26. e5
$36) 26. Rha1 Kf8 27. Ra6 (27. Rxa7 Rxa7 28. Rxa7 Rc3 $11) 27... Rd8 28. R6a5 (
28. Rxa7 Rc3 $11) (28. R1a5 Nb7 29. Rb5 Rxd3 30. Rxb7 Rc2+ 31. Kg3 Rdd2 $132)
28... Rc3 29. Rd5 (29. Be2 f6 30. b4 Rb3 31. b5 Rb8 $11) 29... Rxb3 30. Rxa7 f6
31. Bc4 Rb7 $1 32. Rxd6 Rb2+ 33. Kg3 Rxd6 34. Rf7+ Ke8 35. Rxg7 Rd7 36. Rxd7 (
36. Rg8+ Ke7 37. Kh3 (37. Bd5 Kd6 38. Kh3 Kc5 $132) 37... Rdd2 $15) 36... Kxd7
37. Bg8 h6 38. Bh7 $11 {[/\Bh7-f5-h3,Kg3-g4<=>]} Ke7 1/2-1/2

[Event "BL2-West 9697"]
[Site "Germany"]
[Date "1997.??.??"]
[Round "1.1"]
[White "Chernin, Alexander"]
[Black "Gurevich, Mikhail"]
[Result "0-1"]
[WhiteElo "2635"]
[BlackElo "2605"]
[Annotator "Gurevich,M"]
[PlyCount "70"]
[EventDate "1996.10.??"]
[EventType "team-tourn"]
[EventRounds "9"]
[EventCountry "GER"]
[SourceTitle "GER-chT2"]
[Source "ChessBase"]
[SourceDate "1999.07.01"]
[SourceVersion "1"]
[SourceVersionDate "1999.07.01"]
[SourceQuality "1"]
[WhiteTeam "Andernach"]
[BlackTeam "Godesberg"]
[WhiteTeamCountry "GER"]
[BlackTeamCountry "GER"]

1. d4 d5 2. c4 c6 3. Nf3 Nf6 4. Nc3 e6 5. Bg5 h6 6. Bh4 dxc4 7. e4 g5 8. Bg3 b5
9. Be2 (9. Qc2 $5 Bb7 10. Be2 Nbd7 11. Rd1 Qb6 12. O-O Nh5 13. d5 Nxg3 14. hxg3
O-O-O 15. b3 cxb3 16. axb3 a6 17. dxe6 fxe6 18. e5 Bb4 19. Ne4 Qc7 20. Nd6+ $36
{1-0 Chernin,A-Pavasovic,D/Feldbach op 1997 (43)}) 9... Bb7 10. O-O Nbd7 11.
Qc2 Nh5 12. d5 $5 {TN} (12. a4 a6 13. d5 Nxg3 14. hxg3 Bg7 15. Rfd1 O-O 16.
dxe6 fxe6 17. e5 Qe7 18. Rd6 Nxe5 19. Rad1 Rad8 20. Rxd8 Nxf3+ 21. Bxf3 Rxd8
$15 {- Lugovoy,A-Sakaev,K/St.Petersburg-ch 1996 (36)}) 12... Nxg3 13. hxg3 Bg7
(13... Qf6 14. dxe6 fxe6 15. e5 $5 $36) (13... exd5 14. exd5 Nf6 (14... Bg7 $5
15. Qe4+ Qe7 $13 16. dxc6 Qxe4 17. cxd7+ Kxd7 $17) 15. Nd4 Nxd5 16. Rfe1 $36)
14. dxe6 fxe6 15. e5 $1 (15. Rad1 Qe7 16. e5 O-O $15 17. Ne4 c5 $17) 15... O-O
(15... Nxe5 $6 16. Rad1 Qe7 17. Nxe5 Bxe5 18. Bh5+ Kf8 19. Rfe1 $36) (15... Qe7
$5 16. Qg6+ (16. Nd4 $5 Nxe5 (16... O-O 17. f4 {Look the game}) 17. Bh5+ $13
Nf7 18. Nf5 $1 $36) 16... Qf7 17. Qxf7+ Kxf7 18. Ne4 Rab8 $17) 16. Nd4 $1 {
[/\17.f4|^]} Qe7 (16... Re8 17. Rad1 Nxe5 18. Ndxb5 Qe7 19. Nd6 Red8 20. Nxc4
$14) 17. f4 (17. Bg4 Nxe5 18. Bxe6+ Kh8 19. Bf5 b4 $17) 17... gxf4 18. gxf4 c5
$5 (18... Rad8 19. Rad1 Nc5 (19... Nxe5 $2 20. fxe5 Rxf1+ (20... Qc5 21. Rxf8+
Kxf8 22. Ne4 Qb6 23. Qd2 $18) 21. Bxf1 b4 22. Nxe6 $1 Rxd1 23. Nxd1 $18) 20.
Bg4 Kh8 21. b4 $5 cxb3 22. axb3 $36 a5 23. Nce2 $36 {(/\24.Rc1)}) 19. Ndxb5 {
[#]} Nxe5 $1 20. fxe5 Qg5 $36 21. Bxc4 (21. Ne4 Qe3+ 22. Nf2 Qg3 23. Ne4 Qe3+)
(21. Rxf8+ $6 Rxf8 22. Bxc4 Qe3+ 23. Kh1 Qh3+ $132) 21... Bxe5 $1 {[/\22...a6,
22...Qg3]} 22. Rae1 $132 (22. Bxe6+ Kh8 23. Rae1 a6 $17) (22. Rxf8+ Rxf8 23.
Rf1 Rxf1+ 24. Bxf1 (24. Kxf1 Qf4+ $5) 24... a6 $5 $36 (24... Qe3+ 25. Kh1 Qh3+
26. Kg1 Bh2+ $1 $36)) 22... Kh8 $1 {[#]} 23. Rxe5 $1 (23. Ne4 Qh4 24. g3 Rg8 $5
) 23... Qxe5 24. Qd2 Qg7 $14 (24... Rxf1+ 25. Bxf1 Qf6 26. Nd6 $2 Rd8 $18 27.
Nf7+ $6) 25. Rxf8+ $6 (25. Nd6 $5 Bxg2 $1 26. Nf7+ $1 (26. Qxg2 Qd4+ 27. Kh1
Qxd6 $14) 26... Rxf7 27. Rxf7 Qxf7 28. Qxh6+ Qh7 29. Qxh7+ Kxh7 30. Kxg2 Kg6
31. Ne4 $14 (31. Bxe6 Kf6 32. Bc4 Ke5 $1)) 25... Rxf8 26. Bxe6 {[#]} a6 $1 27.
Na3 $1 (27. Nd6 Bxg2 $17 28. Qxg2 (28. Nf5 Rxf5 29. Bxf5 Be4+ $132) 28... Qd4+
29. Kh1 Qxd6 30. Qg6 Qf4 $1 $132) (27. Nc7 Bxg2 $132 28. Qxg2 Qxc7 $1 $132)
27... Bxg2 $1 28. Qxg2 Qe5 $1 (28... Qd4+ $2 $18 29. Kh1 Qh4+ 30. Bh3 Qe1+ 31.
Qg1 Qh4 32. Qe3 $18) 29. Bb3 $2 (29. Bf7 $1 Rxf7 30. Qa8+ Kg7 31. Qg2+ Kh8 (
31... Kh7 32. Qe4+ $17) 32. Qa8+) (29. Bc4 $2 Qe1+ 30. Bf1 Rg8 31. Qxg8+ Kxg8
32. Nc4 $17) (29. Qh3 $2 Qe1+ 30. Kg2 Rf2+ 31. Kg3 Qe3+ 32. Kh4 Qg5#) 29...
Qe1+ 30. Kh2 Rf2 $1 31. Nc4 h5 $1 32. Na4 $2 (32. Nd1 Rxg2+ 33. Kxg2 h4 34. Nf2
Qe2 $17) 32... h4 33. Nxc5 Rxg2+ 34. Kxg2 Qg3+ 35. Kf1 h3 (35... h3 36. Ne4
Qg2+ $19) 0-1

[Event "Ehrat Memorial (SUI-GER m)"]
[Site "Zuerich"]
[Date "1999.08.15"]
[Round "3"]
[White "Kortschnoj, Viktor Lvovich"]
[Black "Tischbierek, Raj"]
[Result "1/2-1/2"]
[WhiteElo "2676"]
[BlackElo "2544"]
[Annotator "Hansen,Cu"]
[PlyCount "154"]
[EventDate "1999.08.13"]
[EventType "schev"]
[EventRounds "10"]
[EventCountry "SUI"]
[SourceTitle "CBM 073"]
[Source "ChessBase"]
[SourceDate "1999.12.01"]
[SourceVersion "1"]
[SourceVersionDate "1999.12.01"]
[SourceQuality "1"]
[WhiteTeam "Switzerland"]
[BlackTeam "Germany"]
[WhiteTeamCountry "SUI"]
[BlackTeamCountry "GER"]

1. Nf3 {Lutz} d5 2. c4 c6 3. d4 Nf6 4. Qb3 e6 5. Nc3 dxc4 6. Qxc4 b5 7. Qd3 b4
(7... Bb7 {Lutz: führt ebenfalls ohne Problem zum Ausgleich.}) 8. Ne4 Nxe4 9.
Qxe4 Bb7 10. e3 Nd7 11. Bc4 Be7 12. O-O O-O 13. Re1 Rc8 14. Bd2 Nf6 15. Qd3 c5
{'=' Lutz. Lutz: 'Schwarz hat seine Figuren harmonisch aufgebaut. '} 16. e4
cxd4 17. Rac1 Nd7 18. Qxd4 Bc5 19. Qd3 Nb6 20. Qxd8 Rfxd8 21. Bg5 Rf8 22. Bf1
f6 23. Bd2 Rfd8 {Lutz: 'Die weiße Stellung beginnt, verdächtig zu riechen.'}
24. b3 g5 25. h3 h5 26. Rxc5 {'!?' Lutz. Lutz: 'Dieses Qualitätsopfer war
sicherlich nicht nach Kortschnojs Geschmack. Dass er nicht verliert, ist der
mangelhaften Technik des Nachziehenden zu verdanken.'} Rxc5 27. Bxb4 Rc7 {
'-/+' Lutz.} 28. Ba5 e5 29. a4 Rcd7 30. Be2 Kg7 31. Kh2 Kg6 32. Ng1 Ra8 33. Bb5
Rdd8 34. Bc4 Rd4 35. Bxb6 axb6 36. Ne2 Rd2 37. f3 Rc2 38. Ng3 Rd8 39. Nf1 Rb2
40. Rc1 g4 41. hxg4 hxg4 42. Kg3 gxf3 43. gxf3 Bc8 44. Ne3 Rh8 45. Rc2 Rxc2 46.
Nxc2 Rd8 47. Ne3 Bb7 48. Bd5 Ba6 49. b4 Bd3 50. b5 Kg5 51. Bc4 f5 52. exf5 Bxf5
53. Nd5 Rd6 54. Kf2 Bc8 55. Ke3 Bb7 56. f4+ exf4+ 57. Nxf4 Kf6 58. Nd3 Ke7 59.
Ne5 Rh6 60. Bg8 Rh3+ 61. Kd2 Rg3 62. Bh7 Bd5 63. Bc2 Kd6 64. Nd3 Be4 65. Kc3
Bxd3 66. Bxd3 Kc5 67. a5 bxa5 68. Kc2 {A interesting position. One needs to
know that black has to be very careful about pushing his a5-P. Even without
whites b-P the position would often be draw with the black P on a4. However
only if two conditions are fulfilled. Whites bishop must control the /^ g8-a2,
and whites K must not be placed on the c-<-> being cut of by a black R placed
on the b-<->. The king should be on the b or a-<->} Kd4 (68... a4 $1 {Still
this is the easiest way to win!} 69. Bf5 (69. b6 Kxb6 70. Bc4 Rg4 71. Bf7 Rb4
$1) (69. Kc3 a3 $19 {[%cal Ra3a2]}) 69... Rb3 $1 {This is the point. Now the
win is simple} (69... Kxb5 70. Be6 $11 {This is a theoretical draw. If black P
was on a5 it would be a win.}) 70. Bd7 Rb4 71. Kc3 a3 $19) (68... Rg4 {[%cal
Rg4b4,Yb4b1,Yb8b1]} 69. Kb2) (68... Rh3 69. Bf1 $8 (69. Bf5 $2 Rh2+ 70. Kb1
Kxb5 71. Be6 {is a win, though finding the right way at the board without
having studied the position at home is almost impossible} Kb4 72. Bf7 Ka3 73.
Be6 Rb2+ 74. Kc1 (74. Ka1 $2 Re2 75. Bf5 Re1+ 76. Bb1 Kb4 77. Kb2 a4 $1 {
only good because Bb1 is not in the right /^} 78. Ba2 a3+ {[%csl Ra2]} 79. Kc2
Kc5 80. Bg8 Re8 81. Bf7 Rb8) 74... Rb4 {with the idea 75..Ka4 76.Ld7+ Kb3} 75.
Kc2 Rb6 76. Bf7 Ka4 {Black has managed to cut whites K off. Now he only needs
to get his own K out.} 77. Kc3 {black needed to get whites K to this square
which is much worse for whites K than c2} (77. Be8+ Kb4 78. Bf7 Kc5 $19) 77...
Rb4 {[%cal Ra4b5]} 78. Be8+ Ka3 79. Bf7 Rb7 80. Be6 Rc7+ $19) (69. Be2 $2 Rh2)
(69. Kc3 a4 $1 {This is only good because white is pinned and does not have
time for Kc2, Bg6, Kb2 and Bf7} 70. Kc2 a3 71. Bg6 Rh2+ 72. Kb1 a2+ {White did
not get his B into the diagonal g8-a2 in time} 73. Ka1 Kb4 $19) 69... Rh2+ (
69... Rf3 70. Bd3) 70. Kb3 Rf2) 69. Bf5 Kc5 (69... Kc4 {In my opinion this
would have been a more straighforward way - but that is just a matter of taste}
70. Bd7 (70. b6 Rg2+ 71. Kb1 Kc3 $19) 70... Rg2+ 71. Kb1 Re2 $1 {It is now
very difficult for whites B to get back into the important /^ g8-a2} 72. Kc1 (
72. b6 Kb3 73. Kc1 Kc3 74. Kb1 Rb2+ $19) (72. Bc6 {see 72.Kc1} Kc3 73. Ka1 (73.
Bd7 Rb2+) 73... Kb3 74. Bd5+ Ka3 $19) (72. Ka1 Kb3 $19) 72... Kc3 73. Kb1 Rb2+
(73... Kb3 74. Kc1 a4 75. b6 a3 76. b7 Kc3 77. Kb1 Rb2+ 78. Ka1 Rxb7 79. Be6
$11) 74. Ka1 Kb3 75. Be8 Ka3 76. Bc6 Rb4 77. Be8 Re4 78. Bg6 Re1+ 79. Bb1 Re2
80. Bd3 Rd2 81. Bb1 Rd5 $19) 70. Bd7 Rg7 (70... Kc4 71. Kb2 $1) (70... a4 71.
Kb2 Kb4 72. Be6 $11) (70... Kb4 71. b6 Rg2+ 72. Kd3) 71. Bc6 Kb4 72. Kb2 Rg6
73. Kc2 Rf6 74. Bd7 Rf2+ (74... Kc4 75. Kb2) 75. Kd3 (75. Kb1 Kc3 $19 {[%cal
Yf2b2]}) 75... Rb2 $2 (75... Kc5 {[%cal Ra5a2]} 76. Kc3 a4 77. b6 a3 $19) 76.
Be8 a4 $2 (76... Kc5 77. Kc3 Re2 78. Bc6 (78. Bh5 Rh2 79. Be8 a4 $19) 78... a4
$19 {[%cal Ra4a1]}) 77. b6 Ka3 {Lutz: '(...)'} (77... Ka3 78. Bf7 Rxb6 79. Kc2
{With a theoretical draw}) 1/2-1/2

[Event "Tilburg"]
[Site "Tilburg"]
[Date "1991.??.??"]
[Round "3"]
[White "Kortschnoj, Viktor Lvovich"]
[Black "Anand, Viswanathan"]
[Result "0-1"]
[WhiteElo "2610"]
[BlackElo "2650"]
[Annotator "Hansen,Cu"]
[PlyCount "222"]
[EventDate "1991.10.??"]
[EventType "tourn"]
[EventRounds "14"]
[EventCountry "NED"]
[EventCategory "17"]
[SourceTitle "CBM 026"]
[Source "ChessBase"]
[SourceDate "1992.02.01"]
[SourceVersion "1"]
[SourceVersionDate "1992.02.01"]
[SourceQuality "1"]

1. Nf3 Nf6 2. c4 c6 3. Nc3 d5 4. d4 e6 5. Qb3 Be7 6. Bg5 dxc4 7. Qxc4 b5 8. Qb3
Nbd7 9. e4 (9. e3 a6 10. Be2 c5 11. O-O c4 12. Qc2 Bb7 13. Rad1 Qc7 $10 {
Gross,S-Polgar Zso 1991}) 9... b4 10. Na4 Nxe4 11. Bxe7 Qxe7 12. Bd3 Nef6 13.
O-O O-O 14. Rac1 $44 {><c6,><c5,><Lc8} a5 15. Rfe1 Bb7 16. Ne5 Rac8 17. Qc2 h6
18. Bc4 {/\Sg6} Qd6 19. Bb3 Rfe8 20. Rcd1 Rcd8 21. h3 Nd5 22. Nc4 Qc7 23. Nc5
Bc8 24. Ne5 Nxc5 25. Qxc5 (25. dxc5 {/\Sc4-d6} Ba6 $17) 25... Ne7 (25... Bb7
26. Rc1 Rc8 27. Nc4) 26. Rd3 Rd6 $1 $15 {/\Sf5} 27. Rf3 Rf8 28. g4 Qd8 29. Re4
f6 30. Nd3 Nd5 31. Nf4 f5 $17 32. Ng6 Rf6 33. gxf5 exf5 34. Bxd5+ Kh7 (34...
Rxd5 35. Ne7+ Kh7 36. Nxd5 Rg6+ {See the game}) 35. Ne7 Rxd5 36. Nxd5 Rg6+ 37.
Rg3 Rxg3+ 38. fxg3 fxe4 39. Ne3 Be6 (39... Bxh3 40. g4) 40. Qe5 (40. a3 bxa3
41. bxa3 Bd5) 40... Bxa2 41. Qxe4+ Kh8 42. Nf5 Bd5 $19 43. Qe1 (43. Qe5 Qg5)
43... Qf6 44. g4 Qe6 45. Kf2 Be4 46. Nh4 Qf6+ 47. Ke3 Qg5+ 48. Ke2 Qb5+ (48...
a4 $1) 49. Ke3 Qg5+ 50. Ke2 a4 51. Kd1 Bd5 (51... Qf4 52. Qxb4 Qf1+ 53. Qe1 (
53. Kd2 Qf2+) 53... Qd3+ 54. Qd2 Qxh3 $19 55. Qf4 (55. Qe2 Bd3) 55... Qd3+ 56.
Ke1 Qb1+) 52. Nf5 a3 53. bxa3 Bb3+ 54. Ke2 bxa3 55. Kd3 Kh7 56. Kc3 Bd5 57. Qe3
a2 $2 (57... Qd8 58. Qe5 Qd7 {/\59...Qb7/59...a2 60.Kb2 Qb7+} 59. Ne7 a2 60.
Kb2 Qb7+ 61. Kc2 Qb1+ (61... a1=Q $4 62. Qf5+ $10) 62. Kd2 a1=Q $19) 58. Kb2
$17 Qd8 59. Ka1 Qb6 60. Qd3 Kh8 61. Ne7 Bf7 62. Ng6+ Kg8 63. Ne7+ Kf8 64. Ng6+
Bxg6 65. Qxg6 Qxd4+ 66. Kxa2 Qc3 67. Qe4 Kf7 68. Kb1 Kf6 69. h4 Qb3+ 70. Kc1
Qd5 71. Qf4+ Ke6 72. Kc2 Qc5+ 73. Kb1 Qe5 74. Qf3 Kd6 75. h5 Kc7 76. Kc2 Qc5+
77. Kb1 Qc4 78. Kb2 Kb6 79. Qe3+ Ka6 80. Qe8 Qd4+ 81. Kb3 Kb5 82. Qb8+ Kc5 83.
Qf8+ Kd5 84. Qf3+ Kd6 85. Ka3 Qa1+ 86. Kb3 Qf6 87. Qd3+ Ke7 88. Qg3 Qd6 89.
Qh4+ Qf6 90. Qg3 Ke6 91. Kc4 Qf1+ 92. Kc3 Qc1+ 93. Kb3 Qb1+ 94. Ka3 Qa1+ 95.
Kb3 Qe5 96. Qh4 Kd5 97. Qf2 Qf6 98. Qe3 Qe6 99. Qf4 Kc5+ 100. Ka3 Qd6 101. Qe3+
Kc4+ 102. Ka2 Qd5 103. Qb6 c5 104. Ka3 Qd3+ 105. Ka2 Qd2+ 106. Ka1 Qb4 107.
Qe6+ Kc3 108. Qe3+ Kc2 109. Qf2+ Qd2 110. Qf5+ Kb3 111. Qf7+ c4 {C. Hansen} 0-1

[Event "St Petersburg-ch"]
[Site "St Petersburg"]
[Date "1998.04.15"]
[Round "8"]
[White "Biriukov, Oleg V"]
[Black "Ivanov, Sergey"]
[Result "1/2-1/2"]
[WhiteElo "2390"]
[BlackElo "2570"]
[Annotator "Hecht,H"]
[PlyCount "102"]
[EventDate "1998.04.07"]
[EventType "tourn"]
[EventRounds "13"]
[EventCountry "RUS"]
[EventCategory "10"]
[SourceTitle "CBM 065"]
[Source "ChessBase"]
[SourceDate "1998.08.06"]
[SourceVersion "1"]
[SourceVersionDate "1998.08.06"]
[SourceQuality "1"]

1. Nf3 d5 2. d4 Nf6 3. c4 e6 4. Nc3 c6 5. Bg5 h6 6. Bxf6 Qxf6 7. e3 Nd7 8. Bd3
dxc4 9. Bxc4 g6 10. O-O Bg7 11. Qc2 O-O 12. Ne4 Qe7 13. Bb3 Rd8 14. Rfd1 Nf8
15. Ne5 f6 16. Nf3 Bd7 17. Qc5 Qxc5 18. dxc5 f5 19. Nd6 Bxb2 20. Rab1 Bf6 21.
Nxb7 Re8 22. e4 fxe4 23. Nd2 e3 24. fxe3 Bg5 25. Kf2 Reb8 26. Nd6 a5 27. N2c4
a4 28. Bc2 a3 29. Rxb8 Rxb8 30. Rb1 Rxb1 31. Bxb1 e5 32. Nxe5 Kg7 33. Ke2 Be7
34. Bxg6 Kf6 35. Nxd7+ Nxd7 36. Be8 Nxc5 37. Nc4 Ne4 38. Kd3 Nd6 39. Bxc6 Nxc4
40. Kxc4 {[#] White's passed pawns(-candidates) on the king's wing are not so
close to each other that the Black defenders can be diverted from one another.
The pawn pair on a2/a3 only means that Black can get by without a bishop
sacrifice, but this also goes without problems. The course of the game speaks
for itself. [#] Die weißen Freibauern(-kandidaten) am Königsflügel stehen zu
dicht beieinander, als daß die schwarzen Verteidiger auseinanderdividiert
werden könnten. Das Bauernpärchen a2/a3 bedeutet lediglich, daß Schwarz ohne
Läuferopfer auskommen muß, was auch problemlos geht. Der Partieverlauf spricht
für sich.} Bd6 41. g3 Ke5 42. Kd3 Bc5 43. Ke2 Kf5 44. Kf3 Kg5 45. h4+ Kf6 46.
g4 Ke5 47. Be8 Be7 48. g5 hxg5 49. h5 Bf8 50. Bg6 Bg7 51. Kg4 Kf6 {I must
nevertheless sketch out a serious white winning attempt. It revolves around
the exchange of the h-pawn versus the a-pawn, in order to create a greater
distance between the e- and a- passed pawns. Black ultimately holds the draw
by hemming in the white king on a3. I have not searched for other drawing
possibilities. Einen seriösen weißen Gewinnversuch möchte ich doch noch
skizzieren. Er beruht auf dem Tausch des h- gegen den a-Bauern, um einen
größeren Abstand zwischen den Freibauern e und a zu bekommen, als er es
zwischen den Bauern e und h ist. Schwarz hält letztendlich durch das
Einklemmen des weißen Königs auf a3 remis. Nach anderen Remismöglichkeiten
habe ich nicht gefahndet.} (51... Kf6 52. Be4 Bh6 53. Bg2 Ke5 54. Kf3 g4+ 55.
Ke2 Bg5 56. Kd3 Bh6 57. Bh1 Bg5 58. e4 Bh6 59. Kc4 Bf8 60. Kb3 Kd4 61. h6 Bxh6
62. Kxa3 Kc3 63. e5 Bf8+ 64. Ka4 Kb2 65. Bd5 g3 66. Kb5 g2 67. Bxg2 Kxa2 $11)
1/2-1/2

[Event "Belgrade Investbank"]
[Site "Belgrade"]
[Date "1995.??.??"]
[Round "4"]
[White "Beliavsky, Alexander G"]
[Black "Gelfand, Boris"]
[Result "1/2-1/2"]
[WhiteElo "2650"]
[BlackElo "2685"]
[Annotator "Hecht,H"]
[PlyCount "138"]
[EventDate "1995.11.??"]
[EventType "tourn"]
[EventRounds "11"]
[EventCountry "YUG"]
[EventCategory "17"]
[SourceTitle "CBM 051"]
[Source "ChessBase"]
[SourceDate "1996.04.01"]
[SourceVersion "1"]
[SourceVersionDate "1996.04.01"]
[SourceQuality "1"]

1. d4 d5 2. c4 c6 3. Nf3 Nf6 4. Nc3 e6 5. Bg5 h6 6. Bxf6 Qxf6 7. e3 Nd7 8. Bd3
dxc4 9. Bxc4 g6 10. O-O Bg7 11. b4 O-O 12. a4 Qe7 13. Rb1 a5 14. bxa5 Rxa5 15.
Qc2 b6 16. e4 c5 17. d5 Bxc3 18. Qxc3 Rxa4 19. Qc2 Ra7 20. Qd2 exd5 21. exd5
Kg7 22. Rfe1 Qf6 23. Bb5 Rd8 24. Rbd1 Bb7 25. Qe3 Nf8 26. Ne5 h5 27. Bc6 Bc8
28. h3 Re7 29. f4 h4 30. Qf2 Kg8 31. Rb1 g5 32. fxg5 Qxg5 33. Nf3 Rxe1+ 34.
Qxe1 Qg3 35. Rxb6 Ng6 36. Qxg3 hxg3 37. Rb8 Ne7 38. Bb7 c4 39. Kf1 c3 40. Ke1
Kg7 41. Kd1 Bxb7 42. Rxd8 Nxd5 43. Ne1 Ne3+ 44. Kc1 Be4 45. Rc8 Nd5 46. Kd1 f5
47. Ke2 Kf6 48. h4 f4 49. Rc4 c2 50. Nxc2 Bxg2 51. Rc6+ Kf5 52. Ne1 Be4 53. Rc4
Ne3 54. Ra4 Ng4 55. Ra5+ Ne5 56. Ra3 Kg4 57. h5 f3+ 58. Kf1 f2 59. Ng2 Nf3 60.
Ne3+ Kf4 61. Ng2+ Kg5 62. Ke2 Nd4+ 63. Kf1 Nf3 64. Ke2 Kxh5 65. Ne3 Nh2 66. Nf1
Nxf1 67. Kxf1 {[#] T-L+2verbundene Freibauern, Taktik, Pattwendung} Kg4 68. Rf3
$1 (68. Ra4 Kf3 (68... Kf4 69. Ra3 (69. Rb4 Ke3 $19) 69... Bf5 70. Rf3+ $10)
69. Ra3+ Kf4 70. Rf3+ $10) 68... g2+ 69. Kxg2 Bxf3+ 1/2-1/2